Fundamentals of electro-electronic circuits
The book is addressed to students at Vietnamese universities of technology, which offer electro-electronics and informatics majors for advanced education and international joint programs.
Bewaard in:
| Hoofdauteur: | |
|---|---|
| Formaat: | Boek |
| Taal: | Vietnamese |
| Gepubliceerd in: |
H.
Bach Khoa
2010
|
| Onderwerpen: | |
| Tags: |
Voeg label toe
Geen labels, Wees de eerste die dit record labelt!
|
| Thư viện lưu trữ: | Thư viện Trường Đại học Nam Cần Thơ |
|---|
| LEADER | 01209nam a22002177a 4500 | ||
|---|---|---|---|
| 001 | NCT_4_013795 | ||
| 008 | 241021b xxu||||| |||| 00| 0 vie d | ||
| 999 | |c 8650 |d 8650 | ||
| 020 | |a 9786049110009 |c 75000 | ||
| 082 | 0 | 4 | |2 23rd ed. |a 621.3815 |b Dz513 |
| 100 | 1 | |a Nguyen Tien Dzung | |
| 245 | 1 | 0 | |a Fundamentals of electro-electronic circuits |c Nguyen Tien Dzung |
| 260 | |a H. |b Bach Khoa |c 2010 | ||
| 300 | |a 208 p. |c 24cm | ||
| 520 | 3 | |a The book is addressed to students at Vietnamese universities of technology, which offer electro-electronics and informatics majors for advanced education and international joint programs. | |
| 653 | |a Công nghệ thông tin | ||
| 942 | |2 ddc |c BK | ||
| 952 | |0 0 |1 0 |2 ddc |4 0 |6 621_381500000000000_DZ513 |7 0 |9 29708 |a 000001 |b 000001 |d 2024-10-21 |o 621.3815 Dz513 |p MD.23023 |r 2024-10-21 |v 75000.00 |w 2024-10-21 |y BK | ||
| 952 | |0 0 |1 0 |2 ddc |4 0 |6 621_381500000000000_DZ513 |7 0 |9 29709 |a 000001 |b 000001 |d 2024-10-21 |o 621.3815 Dz513 |p MD.23024 |r 2024-10-21 |v 75000.00 |w 2024-10-21 |y BK | ||
| 952 | |0 0 |1 0 |2 ddc |4 0 |6 621_381500000000000_DZ513 |7 0 |9 29710 |a 000001 |b 000001 |d 2024-10-21 |o 621.3815 Dz513 |p MD.23025 |r 2024-10-21 |v 75000.00 |w 2024-10-21 |y BK | ||
| 980 | |a Thư viện Trường Đại học Nam Cần Thơ | ||


